Artificial Intelligence/ (Record no. 212341)

MARC details
000 -LEADER
fixed length control field 00718nam a22002177a 4500
005 - DATE AND TIME OF LATEST TRANSACTION
control field 20250711124100.0
010 ## - LCCN (DPL NO)
LC control number ENG-145935
020 ## - INTERNATIONAL STANDARD BOOK NUMBER
International Standard Book Number 9789391772239
Terms of availability 350.00
035 ## - SYSTEM CONTROL NUMBER
System control number EN-129467
037 ## - SOURCE OF ACQUISITION
Source of stock number/acquisition DBAD
082 ## - DEWEY DECIMAL CLASSIFICATION NUMBER
Classification number 006.3
Edition number 1
100 ## - MAIN ENTRY--PERSONAL NAME
Personal name Nanivadekar, Sameer Suresh
245 ## - TITLE STATEMENT
Title Artificial Intelligence/
Statement of responsibility, etc Sameer Suresh Nanivadekar; Sangram Savargave [and] Rahul Ambekar
250 ## - EDITION STATEMENT
Edition statement 1
260 ## - PUBLICATION, DISTRIBUTION, ETC. (IMPRINT)
Place of publication, distribution, etc Chennai
Name of publisher, distributor, etc Forschung Publications
Date of publication, distribution, etc 2022
270 ## - ADDRESS
Address Mogappair
City Chennai
Telephone number 9626166683
Electronic mail address forchungpublications@gmail.com
300 ## - PHYSICAL DESCRIPTION
Extent 168p.
Dimensions 24cm(pb)
700 ## - ADDED ENTRY--PERSONAL NAME
Personal name Savargave, Sangram
Relator term Author
9 (RLIN) 82927
700 ## - ADDED ENTRY--PERSONAL NAME
Personal name Ambekar, Rahul
Relator term Author
9 (RLIN) 82933
942 ## - ADDED ENTRY ELEMENTS (KOHA)
Source of classification or shelving scheme Dewey Decimal Classification
Item type English Books
Classification part 006.3
Call number suffix ART
Holdings
Withdrawn status Lost status Not for loan Collection code Home library Current library Date acquired Source of acquisition Cost, normal purchase price Full call number Barcode Copy number Cost, replacement price Koha item type
      Non-fiction Janak Puri Janak Puri 11/07/2025 Delivery of Books Act Division 350.00 006.3 ART EN-129467 1 350.00 English Books

© Delhi Public Library
Hit Counter
free hit counter